| 000 | 00000nam##2200000za#4500 |
| 001 | 9.679212 |
| 003 | CaOODSP |
| 005 | 20200328191945 |
| 007 | ta |
| 008 | 150407|1994||||xxc||||| f|0| 0 fre|d |
| 020 | |a0-662-99025-0 |
| 040 | |aCaOODSP|bfre |
| 043 | |an-cn--- |
| 086 | 1 |aR62-275/1994F |
| 110 | 1 |aCanada.|bPatrimoine canadien. |bService canadien des parcs. |
| 245 | 10|aPrincipes directeurs et politiques de gestion de Parcs Canada |
| 260 | |aOttawa - Ontario : |bPatrimoine canadien. |c1994. |
| 300 | |a127p. : |bill. ; |c28 cm. |
| 500 | |a«Le présent document est un énoncé global de principes généraux qui visent à orienter tant les programmes actuels que les initiatives à venir de Parcs Canada.»--Avant-propos. |
| 520 | 3 |aLe présent document est un énoncé global de principes généraux qui visent à orienter tant les programmes actuels que les initiatives à venir de Parcs Canada.--Avant-propos |
| 563 | |aCouverture souple |
| 590 | |a94-13|b1994-03-31 |
| 691 | 07|aParc|2gcpds |
| 691 | 07|aParc national|2gcpds |
| 775 | 08|tParks Canada guiding principles and operational policies |w(CaOODSP)9.645546 |
| 776 | 0#|tParcs Canada - Principes directeurs et politiques de gestion |w(CaOODSP)9.642065 |